|
|
|
|
| LEADER |
01924cas a2200241 a 4500 |
| 001 |
AALejournalIMF003288 |
| 008 |
230101c9999 xx r poo 0 0eng d |
| 020 |
|
|
|c 5.00 USD
|
| 020 |
|
|
|z 9781451813555
|
| 022 |
|
|
|a 1934-7685
|
| 040 |
|
|
|a BD-DhAAL
|c BD-DhAAL
|
| 110 |
2 |
|
|a International Monetary Fund.
|
| 245 |
1 |
0 |
|a France :
|b Financial System Stability Assessment, including Reports on the Observance of Standards and Codes on the following topics; Monetary and Financial Policy Transparency, Banking Supervision, Securities Regulation, Insurance Regulation, Payment Systems, Securities Settlement, and Anti-Money Laundering and Combating the Financing of Terrorism.
|
| 264 |
|
1 |
|a Washington, D.C. :
|b International Monetary Fund,
|c 2004.
|
| 300 |
|
|
|a 1 online resource (111 pages)
|
| 490 |
1 |
|
|a IMF Staff Country Reports
|
| 500 |
|
|
|a <strong>Off-Campus Access:</strong> No User ID or Password Required
|
| 500 |
|
|
|a <strong>On-Campus Access:</strong> No User ID or Password Required
|
| 506 |
|
|
|a Electronic access restricted to authorized BRAC University faculty, staff and students
|
| 520 |
3 |
|
|a This Financial System Stability Assessment on France reviews the institutional and regulatory framework. Consolidation among financial institutions has resulted in six large universal, vertically integrated banking groups having a strong position in the domestic market. Bank profitability has improved markedly over the past decade and is in line with average euro area levels. Systemic vulnerabilities in the important insurance sector are well contained. The government debt market is large, and the corporate debt market has been growing rapidly since the introduction of the euro.
|
| 538 |
|
|
|a Mode of access: Internet
|
| 830 |
|
0 |
|a IMF Staff Country Reports; Country Report ;
|v No. 2004/344
|
| 856 |
4 |
0 |
|z Full text available on IMF
|u http://elibrary.imf.org/view/journals/002/2004/344/002.2004.issue-344-en.xml
|z IMF e-Library
|